Italian Cities - Sudden Death - Statistics

General Stats
  • This quiz has been taken 73,259 times
    72,409 since last reset
  • The average score is 16 of 24
Answers on the Grid
Answers color-coded by a green-red scale on the quiz's grid according to % correct below.
Amalfi
Bari
Barranquilla
Bologna
Cagliari
Cincinnati
Curitiba
Florence
Genoa
Manila
Mecca
Messina
Milan
Modena
Naples
Odessa
Padua
Palermo
Parma
Perugia
Pisa
Ravenna
Riga
Rome
Salerno
Sausalito
Siena
Sochi
Syracuse
Trento
Tripoli
Turin
Valencia
Venice
Verona
 
Answer Stats
Answer % Correct
Florence
86%
Milan
86%
Bologna
85%
Naples
84%
Pisa
82%
Rome
82%
Genoa
78%
Venice
78%
Palermo
77%
Verona
72%
Parma
71%
Cagliari
70%
Turin
70%
Amalfi
65%
Bari
64%
Salerno
63%
Modena
60%
Perugia
56%
Siena
56%
Trento
55%
Padua
53%
Messina
52%
Ravenna
49%
Syracuse
39%
No matching quizzes found
Score Distribution
Percent of People with Each Score
Percentile by Number Answered
Your Score History
You have not taken this quiz since the last reset